An Asian American A to Z : a children's guide to ... Read More
Available copies
- 1 of 1 copy available at LARL/NWRL Consortium.
Current holds
0 current holds with 1 total copy.
Show All Copies
| Location | Call Number / Copy Notes | Barcode | Shelving Location | Status | Due Date |
|---|---|---|---|---|---|
| Thief River Falls Public Library | e 305.89 CHE (Text) | 35500006672636 | Main | Available | - |
Record details
- ISBN: 9781642599459
- ISBN: 164259945X
- Physical Description: 38 pages : color illustrations ; 27 cm.
- Publisher: Chicago, Illinois : Haymarket Books, 2023.
Content descriptions
| Summary, etc.: | "A comprehensive and spirited exploration of Asian ... Read More |
Search for related items by subject
| Subject: | Asian Americans > History > Juvenile literature. Alphabet > Juvenile literature. Asian Americans > History. Alphabet. |
| LDR | 01318cam a2200313 i 4500 | ||
|---|---|---|---|
| 001 | 415491 | ||
| 003 | LARL_NWRL_CONSORTIUM | ||
| 005 | 20230522200414.0 | ||
| 008 | 230412s2023 ilua b b 000 0 eng d | ||
| 020 | . | ‡a9781642599459 ‡q(hardcover) | |
| 020 | . | ‡a164259945X ‡q(hardcover) | |
| 035 | . | ‡a(OCoLC)1375574901 | |
| 040 | . | ‡aIG$ ‡beng ‡erda ‡cIG$ ‡dTnLvILS | |
| 100 | 1 | . | ‡aChe, Cathy Linh, ‡eauthor. |
| 245 | 1 | 3. | ‡aAn Asian American A to Z : ‡ba children's guide to our history / ‡cwritten by Cathy Linh Che and Kyle Lucia Wu ; illustrated by Kavita Ramchandran. |
| 264 | 1. | ‡aChicago, Illinois : ‡bHaymarket Books, ‡c2023. | |
| 300 | . | ‡a38 pages : ‡bcolor illustrations ; ‡c27 cm. | |
| 336 | . | ‡atext ‡btxt ‡2rdacontent. | |
| 336 | . | ‡astill image ‡bsti ‡2rdacontent. | |
| 337 | . | ‡aunmediated ‡bn ‡2rdamedia. | |
| 338 | . | ‡avolume ‡bnc ‡2rdacarrier. | |
| 520 | . | ‡a"A comprehensive and spirited exploration of Asian American history--its movements, cultures, and key figures--beautifully illustrated and compellingly told for readers of all ages."--Back cover. | |
| 650 | 0. | ‡aAsian Americans ‡xHistory ‡vJuvenile literature. | |
| 650 | 0. | ‡aAlphabet ‡vJuvenile literature. ‡0(LARL_NWRL_CONSORTIUM)170577 | |
| 650 | 1. | ‡aAsian Americans ‡xHistory. ‡0(LARL_NWRL_CONSORTIUM)170770 | |
| 650 | 1. | ‡aAlphabet. ‡0(LARL_NWRL_CONSORTIUM)13315 | |
| 700 | 1 | . | ‡aWu, Kyle Lucia, ‡d1989- ‡eauthor. |
| 700 | 1 | . | ‡aRamchandran, Kavita, ‡eillustrator. |
| 901 | . | ‡a415491 ‡b ‡c415491 ‡tbiblio | |

Add to basket
Permalink
Disable Highlighting